000 00686nam a22002417a 4500
003 UA-OsUOA
001 50233
007 ta
008 20071108b un ||||| |||| 00| 0 ukr d
100 _aТатьянин Д.
090 _a343.294(470)
_bТ23
942 _cBK
040 _aUA-OsUOA
_brus
_cUA-OsUOA
_dUA-OsUOA
245 _aРеабилитация в уголовном процессе России
300 _a144 с.
955 _a2
041 _arus
080 _a343.294(470)
020 _a978-5-93295-268-9
260 _aМ.
_bЮрлитинформ
_c2007
650 7 _a343 Кримінальне право. Карні порушення
_2UDC
999 _c336337
_d336337